Tropical Fruit by Picture - Statistics

General Stats
  • This quiz has been taken 30 times
  • The average score is 10 of 16
Answer Stats
Picture Answer % Correct
Mango
100%
Pineapple
100%
Papaya
92%
Dragon Fruit
88%
Passion Fruit
79%
Star Fruit
79%
Fig
71%
Guava
67%
Lychee
67%
Durian
63%
Jackfruit
58%
Rambutan
38%
Mangosteen
33%
Longan
17%
Cactus Pear
8%
Quenepas
4%
No matching quizzes found
Score Distribution
Percent of People with Each Score
Percentile by Number Answered
Your Score History
You have not taken this quiz